Sanación de los chakras y conciencia del Karma (Registro nro. 12994)

000 -CABECERA
campo de control de longitud fija 01672nam a22002177a 4500
003 - IDENTIFICADOR DEL NÚMERO DE CONTROL
campo de control OSt
005 - FECHA Y HORA DE LA ÚLTIMA TRANSACCIÓN
campo de control 20210203144205.0
008 - DATOS DE LONGITUD FIJA--INFORMACIÓN GENERAL
campo de control de longitud fija 210203b ||||| |||| 00| 0 spa d
020 ## - NÚMERO INTERNACIONAL ESTÁNDAR DEL LIBRO
Número Internacional Estándar del Libro 9786074575811
040 ## - FUENTE DE LA CATALOGACIÓN
Centro/agencia transcriptor CO-MqBPB
082 ## - NÚMERO DE LA CLASIFICACIÓN DECIMAL DEWEY
Número de clasificación 291.22
Número de documento/Ítem K35s
100 ## - ENTRADA PRINCIPAL--NOMBRE DE PERSONA
Nombre de persona Keith, Swami
245 ## - MENCIÓN DE TÍTULO
Título Sanación de los chakras y conciencia del Karma
Mención de responsabilidad, etc. Swami keith S.
264 ## - PRODUCCIÓN, PUBLICACIÓN, DISTRIBUCIÓN, FABRICACIÓN Y COPYRIGHT
Producción, publicación, distribución, fabricación y copyright Ciudad de México :
Nombre del de productor, editor, distribuidor, fabricante Prana,
Fecha de producción, publicación, distribución, fabricación o copyright 2018.
300 ## - DESCRIPCIÓN FÍSICA
Extensión 287 pg,
Otras características físicas Tapa Rústica.
Dimensiones 21 cm.
500 ## - NOTA GENERAL
Nota general Los chakras son siete puntos de energía situados en el cuerpo de cada ser humano que se encargan de recibir, guardar, transformar y distribuir la energía. Su función principal es mantener el Yo, la conciencia universal, conectada a los mundos y dimensiones del universo fenoménico. Sin embargo, pueden bloquearse debido a la carga del karma acumulado, es decir, el efecto resultante de las decisiones y las acciones tomadas a lo largo de la vida y de las vidas pasadas. Esto provoca un cambio negativo en nuestra personalidad, las relaciones personales y emocionales de cada uno, impidiendo que el ser se desarrolle plenamente en estos campos. Este libro se encarga" de proporcionar. sencillas y progresivas técnicas que ayudarán a sanar y activar nuestros chakras, así como a aumentar el flujo de energía y liberarnos del exceso de acumulación kármica que impide la conexión con el Yo superior y con el placentero flujo natural del universo, lo cual nos permitirá allanar el' camino para alcanzar una realización y un bienestar espiritual personal.
650 ## - PUNTO DE ACCESO ADICIONAL DE MATERIA--TÉRMINO DE MATERIA
Fuente del encabezamiento o término Literatura
Subdivisión de forma Karma
650 ## - PUNTO DE ACCESO ADICIONAL DE MATERIA--TÉRMINO DE MATERIA
Fuente del encabezamiento o término Literatura
Subdivisión de forma Reencarnación
650 ## - PUNTO DE ACCESO ADICIONAL DE MATERIA--TÉRMINO DE MATERIA
Fuente del encabezamiento o término Literatura
Subdivisión geográfica Filosofía China
942 ## - ELEMENTOS DE PUNTO DE ACCESO ADICIONAL (KOHA)
Fuente del sistema de clasificación o colocación
Tipo de ítem Koha Libro
Existencias
Estado de retiro Estado de pérdida Fuente del sistema de clasificación o colocación Estado dañado No para préstamo Código de colección Localización permanente Ubicación/localización actual Fecha de adquisición Fuente de adquisición Número de inventario Total de préstamos Renovaciones totales Signatura topográfica completa Código de barras En préstamo Fecha visto por última vez Fecha del último préstamo Número de copia Precio válido a partir de Tipo de ítem Koha Nota pública
          Colección General Biblioteca Pública San Juan Bosco Biblioteca Pública San Juan Bosco 03/02/2021 Compra nt 12 5 291.2 K35s MOS500750 05/11/2025 28/10/2025 28/10/2025 ej 1 03/02/2021 Libro Ocho dias

© Todos los derechos reservados para la Biblioteca Pública Municipal San Juan Bosco, 2020
Secretaria de Cultura de Mosquera
Carrera 3 N° 10 Esquina Centro Cultural Barrio El Carmén Teléfono: 8270830 Ext: 34
Funcionando con KOHA
Contacto: Biblioteca Pública Municipal San Juan Bosco/ bibliotecasanjuanbosco@mosquera-cundinamarca.gov.co
Mosquera, Cundinamarca